000 00534nam a2200205Ia 4500
005 20260429112048.0
008 260429s9999||||xx |||||||||||||| ||und||
020 _a9781836597674
041 _aEnglish
082 _a153
_bDAV
100 _aDavis, Shannon
245 0 _aCognitive psychology /
_cShannon Davis
250 _a1st ed.
260 _aLondon :
_bETP ED- Tech Press,
_c2025.
300 _aix, 244 p.; hb
650 _a Human behavior
650 _a Mental processes
650 _aCognitive psychology
942 _cTB
999 _c52147
_d52147